<?xml version="1.0" encoding="UTF-8"?><?xml-stylesheet type="text/xsl" href="static/style.xsl"?><OAI-PMH xmlns="http://www.openarchives.org/OAI/2.0/" xmlns:xsi="http://www.w3.org/2001/XMLSchema-instance" xsi:schemaLocation="http://www.openarchives.org/OAI/2.0/ http://www.openarchives.org/OAI/2.0/OAI-PMH.xsd"><responseDate>2026-06-29T02:10:29Z</responseDate><request verb="GetRecord" identifier="oai:docta.ucm.es:20.500.14352/119662" metadataPrefix="marc">https://docta.ucm.es/rest/oai/request</request><GetRecord><record><header><identifier>oai:docta.ucm.es:20.500.14352/119662</identifier><datestamp>2025-04-24T00:02:30Z</datestamp><setSpec>com_20.500.14352_11</setSpec><setSpec>col_20.500.14352_12</setSpec></header><metadata><record xmlns="http://www.loc.gov/MARC21/slim" xmlns:dcterms="http://purl.org/dc/terms/" xmlns:xsi="http://www.w3.org/2001/XMLSchema-instance" xmlns:doc="http://www.lyncode.com/xoai" xsi:schemaLocation="http://www.loc.gov/MARC21/slim http://www.loc.gov/standards/marcxml/schema/MARC21slim.xsd">
   <leader>00925njm 22002777a 4500</leader>
   <datafield ind2=" " ind1=" " tag="042">
      <subfield code="a">dc</subfield>
   </datafield>
   <datafield ind2=" " ind1=" " tag="720">
      <subfield code="a">Servicio de Tecnología y Sistemas Manual de</subfield>
      <subfield code="e">author</subfield>
   </datafield>
   <datafield ind2=" " ind1=" " tag="260">
      <subfield code="c">2009</subfield>
   </datafield>
   <datafield ind2=" " ind1=" " tag="520">
      <subfield code="a">El sistema de autopréstamo permite que los usuarios realicen el procedimiento de préstamo y devolución de materiales de la biblioteca personalmente, sin necesidad de la intervención del personal bibliotecario

El sistema de autopréstamo emplea un escáner de códigos de barras para identificar a los usuarios válidos de la biblioteca, los ejemplares prestados o devueltos, actualiza la base de datos de circulación de la biblioteca y activa o desactiva las bandas magnéticas de seguridad de los ejemplares.

Este manual contiene información sobre los procedimientos más frecuentes y otra información útil para las operaciones cotidianas del personal de biblioteca.</subfield>
   </datafield>
   <datafield ind1="8" ind2=" " tag="024">
      <subfield code="a">https://hdl.handle.net/20.500.14352/119662</subfield>
   </datafield>
   <datafield ind2="0" ind1="0" tag="245">
      <subfield code="a">Manual básico de la máquina de autopréstamo</subfield>
   </datafield>
</record></metadata></record></GetRecord></OAI-PMH>